<?xml version="1.0" encoding="UTF-8"?>
<collection xmlns:xsi="http://www.w3.org/2001/XMLSchema-instance" xsi:schemaLocation="http://www.loc.gov/MARC21/slim http://www.loc.gov/standards/marcxml/schema/MARC21slim.xsd" xmlns="http://www.loc.gov/MARC21/slim">
 <record>
  <leader>00000cam a22000003i 4500</leader>
  <controlfield tag="001">UP-1685594773862036609</controlfield>
  <controlfield tag="003">Buklod</controlfield>
  <controlfield tag="005">20241210123129.0</controlfield>
  <controlfield tag="006">g||| |     ||   ||</controlfield>
  <controlfield tag="007">ta</controlfield>
  <controlfield tag="008">241210s2023||||ph a    rb   f000 0|eng d</controlfield>
  <datafield tag="020" ind1=" " ind2=" ">
   <subfield code="a">9789715640824 (softbound/paperback)</subfield>
  </datafield>
  <datafield tag="035" ind1=" " ind2=" ">
   <subfield code="a">(iLib)UPBAG-00022678157</subfield>
  </datafield>
  <datafield tag="037" ind1=" " ind2=" ">
   <subfield code="a">BC-75214</subfield>
   <subfield code="b">Gift- Direct</subfield>
  </datafield>
  <datafield tag="037" ind1=" " ind2=" ">
   <subfield code="a">BG-15815</subfield>
   <subfield code="b">Gift-Direct</subfield>
  </datafield>
  <datafield tag="040" ind1=" " ind2=" ">
   <subfield code="a">BAG</subfield>
   <subfield code="e">rda</subfield>
  </datafield>
  <datafield tag="041" ind1="0" ind2=" ">
   <subfield code="a">eng</subfield>
  </datafield>
  <datafield tag="090" ind1=" " ind2="0">
   <subfield code="a">HF 5548.325 P6</subfield>
   <subfield code="b">C75 2023</subfield>
  </datafield>
  <datafield tag="245" ind1="0" ind2="0">
   <subfield code="a">Critical issues in the Philippine digital economy</subfield>
   <subfield code="c">edited by Connie G. Bayudan-Dacuycuy and Ramonette B. Serafica.</subfield>
  </datafield>
  <datafield tag="264" ind1=" " ind2="1">
   <subfield code="a">Quezon City, Philippines</subfield>
   <subfield code="b">Philippine Institute for Development Studies</subfield>
   <subfield code="c">[2023]</subfield>
  </datafield>
  <datafield tag="300" ind1=" " ind2=" ">
   <subfield code="a">467 pages</subfield>
   <subfield code="b">illustrations (some color)</subfield>
   <subfield code="c">22 cm</subfield>
  </datafield>
  <datafield tag="336" ind1=" " ind2=" ">
   <subfield code="a">text</subfield>
   <subfield code="2">rdacontent</subfield>
  </datafield>
  <datafield tag="337" ind1=" " ind2=" ">
   <subfield code="a">unmediated</subfield>
   <subfield code="2">rdamedia</subfield>
  </datafield>
  <datafield tag="338" ind1=" " ind2=" ">
   <subfield code="a">volume</subfield>
   <subfield code="2">rdacarrier</subfield>
  </datafield>
  <datafield tag="500" ind1=" " ind2=" ">
   <subfield code="a">Jointly published with International Development Research Centre (IDRC)</subfield>
  </datafield>
  <datafield tag="504" ind1=" " ind2=" ">
   <subfield code="a">Includes bibliographical references.</subfield>
  </datafield>
  <datafield tag="505" ind1="0" ind2=" ">
   <subfield code="a">Chapter 1. Critical issues in the Philippine digital economy / Connie G. Bayudan-Dacuycuy and Ramonette B. Serafica -- Chapter 2. Understanding the digital platforms: opportunities, risks, and government responses / Ramonette B. Serafica and Queen Cel A. Oren -- Chapter 3. Regulatory reforms and the development of the Philippine digital economy / Aiken Larisa O. Serzo -- Chapter 4. Navigating the fintech industry landscape: seizing opportunities and addressing weaknesses / Francis Mark A. Quimba, Mark Anthony A. Barral, and Jean Claisse T. Carlos -- Chapter 5. Exploring policies and initiatives for online workers in the Philippines / Ramonette B. Serafica and Queen Cel A. Oren -- Chapter 6. Transforming Philippine cities to smart cities: policy issues and ways forward / Marife M. Ballesteros and Jenica A. Ancheta -- Chapter 7. Decent work in crowdwork: gendered takeaways from an online survey in the Philippines / Connie G. Bayudan-Dacuycuy and Lora Kryz C. Baje -- Chapter 8. DigitALL for her: futurecasting platform work for women in the rural Philippines / Paul John M. Pena and Vince Eisen C. Yao -- Chapter 9. Filipinos' access and exposure to ICT: a general overview based on the national ICT household survey / Aubrey D. Tabuga and Carlos C. Cabaero -- Chapter 10. Bridging gaps, breaking barriers, and building capacities in online marketplaces / Connie G. Bayudan-Dacuycuy and Leih Maruss V. Sinsay -- Chapter 11. E-commerce adoption of women-led MSMEs in Metro Manila: challenges, opportunities, and policy directions / Jean Clarisse T. Carlos, Jovito Jose P. Katigbak, and Jill Angeli V. Bacasmas.</subfield>
  </datafield>
  <datafield tag="650" ind1=" " ind2="0">
   <subfield code="a">Electronic commerce</subfield>
   <subfield code="z">Philippines.</subfield>
  </datafield>
  <datafield tag="650" ind1=" " ind2="0">
   <subfield code="a">Information technology</subfield>
   <subfield code="x">Economic aspects</subfield>
   <subfield code="z">Philippines.</subfield>
  </datafield>
  <datafield tag="650" ind1=" " ind2="0">
   <subfield code="a">Information technology</subfield>
   <subfield code="x">Social aspects</subfield>
   <subfield code="z">Philippines.</subfield>
  </datafield>
  <datafield tag="651" ind1=" " ind2="0">
   <subfield code="a">Philippines</subfield>
   <subfield code="x">Economic policy.</subfield>
  </datafield>
  <datafield tag="700" ind1="1" ind2=" ">
   <subfield code="a">Bayudan-Dacuycuy, Connie G.</subfield>
   <subfield code="e">editor.</subfield>
  </datafield>
  <datafield tag="700" ind1="1" ind2=" ">
   <subfield code="a">Serafica, Ramonette B.</subfield>
   <subfield code="e">editor.</subfield>
  </datafield>
  <datafield tag="710" ind1="2" ind2=" ">
   <subfield code="a">International Development Research Centre (IDRC)</subfield>
   <subfield code="e">publisher.</subfield>
  </datafield>
  <datafield tag="905" ind1=" " ind2=" ">
   <subfield code="a">FI</subfield>
  </datafield>
  <datafield tag="852" ind1="0" ind2=" ">
   <subfield code="a">UPBAG</subfield>
   <subfield code="b">UPBAG-MAIN</subfield>
   <subfield code="h">HF 5548.325 P6</subfield>
   <subfield code="i">C75 2023</subfield>
  </datafield>
  <datafield tag="942" ind1=" " ind2=" ">
   <subfield code="a">Book</subfield>
  </datafield>
 </record>
</collection>
